Bundesliga Winners by Year - Statistics

General Stats
  • This quiz has been taken 415 times
    132 since last reset
  • The average score is 26 of 32
Answer Stats
Points Season Winnner % Correct
90 2023-24 Bayer 04 Leverkusen
99%
71 2022-23 Bayern Munich
99%
77 2021-22 Bayern Munich
99%
78 2020-21 Bayern Munich
98%
82 2019-20 Bayern Munich
98%
78 2018-19 Bayern Munich
98%
84 2017-18 Bayern Munich
98%
82 2016-17 Bayern Munich
98%
88 2015-16 Bayern Munich
98%
79 2014-15 Bayern Munich
98%
90 2013-14 Bayern Munich
98%
91 2012-13 Bayern Munich
98%
70 2009-10 Bayern Munich
96%
81 2011-12 Borrusia Dortmund
95%
75 2010-11 Borrusia Dortmund
92%
76 2007-08 Bayern Munich
88%
75 2005-06 Bayern Munich
84%
77 2004-05 Bayern Munich
83%
69 2008-09 VfL Wolfsburg
79%
74 2002-03 Bayern Munich
78%
78 1998-99 Bayern Munich
74%
63 2000-01 Bayern Munich
73%
73 1999-2000 Bayern Munich
73%
70 2001-02 Borrusia Dortmund
67%
70 2006-07 VfB Stuttgart
67%
71 1996-97 Bayern Munich
66%
74 2003-04 SV Werder Bremen
64%
44 1993-94 Bayern Munich
57%
68 1995-96 Borrusia Dortmund
55%
49 1994-95 Borrusia Dortmund
50%
68 1997-98 1. FC Kaiserslautern
40%
48 1992-93 SV Werder Bremen
31%
No matching quizzes found
Score Distribution
Percent of People with Each Score
Percentile by Number Answered
Your Score History
You have not taken this quiz since the last reset